الإحصائيات لـ اسئلة دينية في الاسلام

أنقر هنا لكي تخضع للإختبار!

الإحصائيات العامة

  • هذا الإختبار تم الخضوع له 1 516 مره
  • الدرجة المتوسطة هي 8 من 10

إحصائيات الإجابة

QuestionAnswer% صحيح
كم عدد اسماء الله الحسنى ؟99
97%
عيد الفطر ياتي بعدشهر رمضان
96%
من هو اول نبي ؟ادم عليه السلام
91%
هل يجوز ذبح الحيوانات في عيد الفطر والاضحى فقط ؟يجوز في اي وقت
90%
متى نزل القران الكريم ؟في رمضان المبارك
87%
الاشياء اللتي تبطل الصيام في رمضان هي :جميع ما ورد صحيح
86%
هل مات عبد الله والد الرسول صلى الله عليه وسلم قبل ان يراه ؟نعم
86%
القاتل في الاسلاميقتل
86%
اين ولد الرسول صلى الله عليه وسلم ؟مكة المكرمة
79%
هل "المصطفى" من اسماء الله الحسنى ؟نعم
16%

توزيع النقاط

النسبة وفقا للأرقام

نسبة الأشخاص لكل درجة

سجل النقاط الخاصة بك

لم تضخع لهذا الإختبار